| 000 | 00726nam0a22002531 4500 | ||
|---|---|---|---|
| 001 | RU\NLR\INFOCOMM4\ROSSICA\1000407338 | ||
| 005 | 20250613191641.0 | ||
| 035 | _a(NLR Aleph) 009938105 | ||
| 090 |
_a10752176 _c10752176 |
||
| 100 | _a20030522d1858 |||y0rusy50 ca | ||
| 101 | 0 | _alat | |
| 102 | _aRU | ||
| 105 | _ay ||||000ay | ||
| 200 | 1 |
_aIndex plantarum medicinalium in horto botanico scholae pharmaceuticae Cesarei Mosquensis orphanotrophei _fIsmael Kovaleffski |
|
| 210 |
_aMosquae _d1858 |
||
| 215 | _d8° | ||
| 700 | 1 |
_aKovaleffski _bI. _gIsmael _4070 |
|
| 801 | 1 |
_aRU _bInfoComm _c20030522 |
|
| 801 | 0 |
_aRU _bNLR _gPSBO |
|
| 852 |
_aNLR _j13.3.2.1297 |
||
| 942 | _cBOOK | ||
| 980 | _aNB | ||
| 980 | _aRossica | ||